[Event "Marseille op 5th"]
[Site "Marseille"]
[Date "2012.12.27"]
[Round "5"]
[White "Pieri, Yannick"]
[Black "Aksenov, Alexandre"]
[Result "0-1"]
[WhiteElo "1493"]
[BlackElo "1852"]
[PlyCount "56"]
[EventDate "2012.12.26"]
[EventType "swiss"]
[EventRounds "9"]
[EventCountry "FRA"]
[SourceTitle "EXT 2014"]
[Source "ChessBase"]
[SourceDate "2013.11.20"]
[SourceVersion "1"]
[SourceVersionDate "2013.11.20"]
[SourceQuality "1"]

1. e4 c6 2. d4 d5 3. exd5 cxd5 4. Bd3 e6 5. Nf3 Nc6 6. 0-0 Nf6 7. Bg5 Be7 8. Nc3 h6 9. Bh4 Bd7 10. Re1 0-0 11. a3 Rc8 12. Bf1 Na5 13. Ne5 Nc4 14. Nxc4 dxc4 15. Ne4 Bc6 16. Nxf6+ Bxf6 17. Bxf6 Qxf6 18. f3 Rfd8 19. c3 b5 20. b3 cxb3 21. Qxb3 a6 22. Bd3 Qg5 23. Be4 Bxe4 24. Rxe4 Qd2 25. a4 Rxc3 26. Qb4 Rc1+ 27. Rxc1 Qxb4 28. d5 Qd2 0-1

[Event "Marseille op 5th"]
[Site "Marseille"]
[Date "2012.12.26"]
[Round "2"]
[White "Aksenov, Alexandre"]
[Black "Moncamp, Gilles"]
[Result "0-1"]
[WhiteElo "1852"]
[BlackElo "2175"]
[PlyCount "96"]
[EventDate "2012.12.26"]
[EventType "swiss"]
[EventRounds "9"]
[EventCountry "FRA"]
[SourceTitle "EXT 2014"]
[Source "ChessBase"]
[SourceDate "2013.11.20"]
[SourceVersion "1"]
[SourceVersionDate "2013.11.20"]
[SourceQuality "1"]

1. d4 Nf6 2. c4 g6 3. Nf3 Bg7 4. g3 0-0 5. Bg2 d6 6. 0-0 Nbd7 7. Nc3 e5 8. e4 Re8 9. dxe5 dxe5 10. Be3 c6 11. Qc1 Qe7 12. Bh6 Nc5 13. Bxg7 Kxg7 14. Qc2 Bg4 15. h3 Bxf3 16. Bxf3 Qe6 17. b4 Ncd7 18. c5 Qxh3 19. Rfd1 Nf8 20. Bg2 Qg4 21. Qe2 Qg5 22. Bh3 Nh5 23. Bg4 Nf6 24. Bh3 h5 25. Kh2 Ng4+ 26. Kg2 Ne6 27. Bxg4 hxg4 28. Qd2 Qxd2 29. Rxd2 a5 30. b5 Nxc5 31. bxc6 bxc6 32. Rd6 Re6 33. Rad1 Rb8 34. Rxe6 Nxe6 35. Rd6 Nd4 36. Nd1 Rb1 37. Ne3 f5 38. Rd7+ Kf6 39. Rd6+ Kg5 40. exf5 gxf5 41. Rd8 Ra1 42. Rg8+ Kf6 43. Rf8+ Ke7 44. Ra8 Rxa2 45. Nc4 e4 46. Nxa5 Rc2 47. Kf1 Rc1+ 48. Kg2 Nf3 0-1

[Event "Marseille op 4th"]
[Site "Marseille"]
[Date "2011.12.29"]
[Round "7"]
[White "Busson, Benoist"]
[Black "Aksenov, Alexandre"]
[Result "0-1"]
[WhiteElo "2016"]
[BlackElo "1847"]
[PlyCount "122"]
[EventDate "2011.12.26"]
[EventType "swiss"]
[EventRounds "9"]
[EventCountry "FRA"]
[SourceTitle "CBM 146 Extra"]
[Source "ChessBase"]
[SourceDate "2012.02.29"]
[SourceVersion "1"]
[SourceVersionDate "2012.02.29"]
[SourceQuality "1"]

1. d4 d5 2. Nf3 Nf6 3. e3 Bg4 4. c4 e6 5. Qb3 Qc8 6. Ne5 Bf5 7. Nc3 c6 8. Be2 Nbd7 9. g4 Nxe5 10. gxf5 Nxc4 11. Bxc4 dxc4 12. Qxc4 exf5 13. Rg1 Qe6 14. Qa4 g6 15. Bd2 Nd5 16. Qb3 Nxc3 17. Qxb7 Qc8 18. Qxc8+ Rxc8 19. Bxc3 Bg7 20. Rc1 0-0 21. Bb4 Rfe8 22. Bc5 f4 23. Ke2 fxe3 24. fxe3 Bh6 25. Rc3 Rb8 26. b3 Re6 27. Kf3 Rbe8 28. Re1 a6 29. Re2 f5 30. Ba3 Bg7 31. Rd3 Bh6 32. Bc1 Re4 33. Rc2 g5 34. Rxc6 g4+ 35. Kf2 Bg5 36. d5 Bh4+ 37. Kf1 f4 38. Rh6 Bd8 39. Bd2 fxe3 40. Rxe3 Rxe3 41. Bxe3 Rxe3 42. Rxa6 Rd3 43. d6 Kf7 44. Ra7+ Ke6 45. Rxh7 Rxd6 46. Kg2 Rd3 47. Rg7 Kf5 48. Rf7+ Bf6 49. Rf8 Rd2+ 50. Kg3 Kg5 51. Rg8+ Kh5 52. Kf4 Rxh2 53. Rxg4 Be5+ 54. Kxe5 Kxg4 55. Kd5 Rxa2 56. b4 Rb2 57. Kc5 Kf5 58. b5 Ke6 59. Kc6 Rc2+ 60. Kb7 Kd6 61. b6 Rb2 0-1

[Event "Marseille op 4th"]
[Site "Marseille"]
[Date "2011.12.28"]
[Round "6"]
[White "Aksenov, Alexandre"]
[Black "Bertrand, Alexandre"]
[Result "1-0"]
[WhiteElo "1847"]
[BlackElo "1645"]
[PlyCount "43"]
[EventDate "2011.12.26"]
[EventType "swiss"]
[EventRounds "9"]
[EventCountry "FRA"]
[SourceTitle "CBM 146 Extra"]
[Source "ChessBase"]
[SourceDate "2012.02.29"]
[SourceVersion "1"]
[SourceVersionDate "2012.02.29"]
[SourceQuality "1"]

1. d4 Nf6 2. c4 g6 3. Nf3 Bg7 4. g3 d6 5. Bg2 0-0 6. 0-0 Bg4 7. Ng5 Qc8 8. Nc3 h6 9. Nge4 Bh3 10. Nxf6+ exf6 11. Nd5 Nc6 12. Bxh3 Qxh3 13. Nxc7 Rad8 14. Be3 Ne7 15. Qb3 Rd7 16. Nb5 a6 17. Nc3 Nf5 18. Nd5 Re8 19. Rad1 h5 20. Nf4 Qg4 21. h3 Qg5 22. Ne6 1-0

[Event "Marseille op 4th"]
[Site "Marseille"]
[Date "2011.12.26"]
[Round "1"]
[White "Aksenov, Alexandre"]
[Black "Tourtet, Jeremy"]
[Result "1-0"]
[WhiteElo "1847"]
[BlackElo "1386"]
[PlyCount "47"]
[EventDate "2011.12.26"]
[EventType "swiss"]
[EventRounds "9"]
[EventCountry "FRA"]
[SourceTitle "CBM 146 Extra"]
[Source "ChessBase"]
[SourceDate "2012.02.29"]
[SourceVersion "1"]
[SourceVersionDate "2012.02.29"]
[SourceQuality "1"]

1. d4 d5 2. c4 c6 3. cxd5 cxd5 4. Nc3 Nf6 5. Bf4 e6 6. e3 Bd6 7. Bxd6 Qxd6 8. Bd3 0-0 9. Nf3 Nbd7 10. 0-0 e5 11. dxe5 Nxe5 12. Nxe5 Qxe5 13. h3 a6 14. Qc2 Re8 15. Rfd1 Rd8 16. Ne2 Be6 17. Nd4 Rac8 18. Qb3 Rc7 19. Rac1 Rdc8 20. Rxc7 Rxc7 21. Qb4 b5 22. Nf3 Qh5 23. Qd6 Rd7 24. Qb8+ 1-0

[Event "Marseille op 4th"]
[Site "Marseille"]
[Date "2011.12.26"]
[Round "2"]
[White "Fernandez Fernandez, Juan Carlos"]
[Black "Aksenov, Alexandre"]
[Result "1/2-1/2"]
[WhiteElo "2080"]
[BlackElo "1847"]
[PlyCount "72"]
[EventDate "2011.12.26"]
[EventType "swiss"]
[EventRounds "9"]
[EventCountry "FRA"]
[SourceTitle "CBM 146 Extra"]
[Source "ChessBase"]
[SourceDate "2012.02.29"]
[SourceVersion "1"]
[SourceVersionDate "2012.02.29"]
[SourceQuality "1"]

1. d4 d5 2. c4 e6 3. Nc3 Be7 4. Nf3 Nf6 5. Bg5 0-0 6. e3 h6 7. Bh4 b6 8. cxd5 Nxd5 9. Bxe7 Qxe7 10. Be2 Bb7 11. 0-0 Nxc3 12. bxc3 c5 13. Rc1 Nc6 14. Qa4 cxd4 15. cxd4 Qb4 16. Qxb4 Nxb4 17. Ne5 Rac8 18. Bc4 Bd5 19. Bxd5 Nxd5 20. g3 Nc3 21. Rc2 Rc7 22. Kg2 Rfc8 23. Rfc1 f6 24. Nd3 Nd5 25. Rxc7 Rxc7 26. Kf3 Rc3 27. Ke2 Rxc1 28. Nxc1 Kf7 29. Kd3 Ke7 30. e4 Nc7 31. Kc4 Kd6 32. Nd3 Kc6 33. f4 a5 34. a4 b5+ 35. axb5+ Nxb5 36. e5 Na3+ 1/2-1/2